(Thirty six) 36 strategies for striking it rich in commodity trading : (Record no. 76433)
[ view plain ]
| 000 -LEADER | |
|---|---|
| fixed length control field | 00630nam a22001817a 4500 |
| 005 - DATE AND TIME OF LATEST TRANSACTION | |
| control field | 20130605124346.0 |
| 010 ## - LCCN (DPL NO) | |
| LC control number | ENG-107531 |
| 020 ## - INTERNATIONAL STANDARD BOOK NUMBER | |
| International Standard Book Number | 9788170948728 |
| Terms of availability | 295.00 |
| 035 ## - SYSTEM CONTROL NUMBER | |
| System control number | EN-91064 |
| 037 ## - SOURCE OF ACQUISITION | |
| Source of stock number/acquisition | DBAD/PUB |
| 082 ## - DEWEY DECIMAL CLASSIFICATION NUMBER | |
| Classification number | 332.644 |
| 100 ## - MAIN ENTRY--PERSONAL NAME | |
| Personal name | Dutt, Ashu |
| 245 ## - TITLE STATEMENT | |
| Title | (Thirty six) 36 strategies for striking it rich in commodity trading : |
| Statement of responsibility, etc | by Ashu Dutt |
| Remainder of title | commodity trading is one of the last frontiers of big gains! / |
| 260 ## - PUBLICATION, DISTRIBUTION, ETC. (IMPRINT) | |
| Place of publication, distribution, etc | New Delhi |
| Name of publisher, distributor, etc | Vision Books |
| Date of publication, distribution, etc | 2012 |
| 270 ## - ADDRESS | |
| Address | 24, Feroze Gandhi Road, Lajpat Nagar-III |
| City | New Delhi |
| Postal code | 110024 |
| 300 ## - PHYSICAL DESCRIPTION | |
| Extent | 182p. |
| Dimensions | 22cm(pbk) |
| 942 ## - ADDED ENTRY ELEMENTS (KOHA) | |
| Source of classification or shelving scheme | Dewey Decimal Classification |
| Item type | English Books |
| Call number suffix | DUT |
| Classification part | 332.644 |
| Withdrawn status | Lost status | Not for loan | Collection code | Home library | Current library | Date acquired | Source of acquisition | Cost, normal purchase price | Full call number | Barcode | Copy number | Cost, replacement price | Koha item type |
|---|---|---|---|---|---|---|---|---|---|---|---|---|---|
| Not For Loan | Non-fiction | D.B.Act.Division | D.B.Act.Division | 04/06/2013 | DBAD/PUB | 295.00 | 332.644 DUT | EN-91064 | 1 | 295.00 | English Books |
